[Event "DVM U20 2023"]
[Site "Magdeburg GER"]
[Date "2023.12.28"]
[Round "3"]
[White "Feick, Claas Marten"]
[Black "Finck, Jonathan"]
[Result "1/2-1/2"]
[Termination "normal"]
[Board "4.6"]
[WhiteElo "1575"]
[BlackElo "1520"]
[WhiteClock "00:01:35"]
[BlackClock "00:09:13"]
[WhiteTeam "SF Neuberg"]
[BlackTeam "USG Chemnitz"]
[PlyCount "124"]
[WhiteFideId "34634169"]
[BlackFideId "34630155"]
[EventCountry "GER"]
[EventRounds "7"]
[EventType "team-swiss"]
[EventDate "2023.12.26"]

1. d4 {[%clk 01:30:56]} {[%emt 00:00:03]} d5 {[%clk 01:30:52]} {[%emt
00:00:09]} 2. Nf3 {[%clk 01:31:19]} {[%emt 00:00:07]} Nf6 {[%clk 01:30:41]}
{[%emt 00:00:41]} 3. c4 {[%clk 01:31:35]} {[%emt 00:00:14]} e6 {[%clk
01:30:17]} {[%emt 00:00:54]} 4. g3 {[%clk 01:31:55]} {[%emt 00:00:10]} b6
{[%clk 01:28:37]} {[%emt 00:02:09]} 5. Bg2 {[%clk 01:32:18]} {[%emt 00:00:09]}
Bb7 {[%clk 01:28:16]} {[%emt 00:00:50]} 6. O-O {[%clk 01:32:39]} {[%emt
00:00:09]} g6 {[%clk 01:23:54]} {[%emt 00:04:51]} 7. Nc3 {[%clk 01:32:53]}
{[%emt 00:00:17]} dxc4 {[%clk 01:22:31]} {[%emt 00:01:54]} 8. Re1 {[%clk
01:30:35]} {[%emt 00:02:47]} Bg7 {[%clk 01:19:43]} {[%emt 00:03:17]} 9. e4
{[%clk 01:30:31]} {[%emt 00:00:34]} O-O {[%clk 01:18:09]} {[%emt 00:02:04]} 10.
e5 {[%clk 01:21:11]} {[%emt 00:09:51]} Nd5 {[%clk 01:11:50]} {[%emt 00:06:49]}
11. Ne4 {[%clk 01:12:30]} {[%emt 00:09:09]} Nb4 {[%clk 01:05:47]} {[%emt
00:06:33]} 12. Bg5 {[%clk 01:11:16]} {[%emt 00:01:46]} Qc8 {[%clk 00:58:22]}
{[%emt 00:07:50]} 13. Nf6+ {[%clk 00:57:32]} {[%emt 00:14:19]} Kh8 {[%clk
00:53:15]} {[%emt 00:05:37]} 14. Qd2 {[%clk 00:57:48]} {[%emt 00:00:13]} Nd5
{[%clk 00:50:37]} {[%emt 00:03:08]} 15. Bh6 {[%clk 00:57:02]} {[%emt 00:01:18]}
Nd7 {[%clk 00:40:29]} {[%emt 00:10:32]} 16. Bxg7+ {[%clk 00:54:58]} {[%emt
00:02:39]} Kxg7 {[%clk 00:40:43]} {[%emt 00:00:16]} 17. Ng4 {[%clk 00:55:14]}
{[%emt 00:00:14]} Rh8 {[%clk 00:35:34]} {[%emt 00:05:38]} 18. Ng5 {[%clk
00:45:29]} {[%emt 00:10:15]} Ne7 {[%clk 00:22:31]} {[%emt 00:13:33]} 19. Ne4
{[%clk 00:38:54]} {[%emt 00:07:06]} h6 {[%clk 00:16:20]} {[%emt 00:06:39]} 20.
Ngf6 {[%clk 00:37:45]} {[%emt 00:01:41]} Nd5 {[%clk 00:10:51]} {[%emt
00:05:53]} 21. Nxd7 {[%clk 00:36:37]} {[%emt 00:01:44]} Qxd7 {[%clk 00:10:18]}
{[%emt 00:01:04]} 22. Nf6 {[%clk 00:37:06]} Qd8 {[%clk 00:10:01]} {[%emt
00:00:46]} 23. a4 {[%clk 00:36:33]} {[%emt 00:01:05]} c6 {[%clk 00:06:39]}
{[%emt 00:03:51]} 24. Ne4 {[%clk 00:36:05]} {[%emt 00:00:57]} a5 {[%clk
00:04:48]} {[%emt 00:02:19]} 25. Nd6 {[%clk 00:35:29]} {[%emt 00:01:10]} Qc7
{[%clk 00:05:08]} {[%emt 00:00:07]} 26. Nxc4 {[%clk 00:34:40]} {[%emt
00:01:21]} Rhd8 {[%clk 00:04:25]} {[%emt 00:01:12]} 27. Rac1 {[%clk 00:34:19]}
{[%emt 00:00:52]} Ba6 {[%clk 00:04:50]} {[%emt 00:00:05]} 28. Bxd5 {[%clk
00:33:43]} {[%emt 00:01:06]} exd5 {[%clk 00:04:26]} {[%emt 00:00:54]} 29. Ne3
{[%clk 00:33:55]} {[%emt 00:00:18]} Re8 {[%clk 00:03:59]} {[%emt 00:00:57]} 30.
Nxd5 {[%clk 00:34:10]} {[%emt 00:00:14]} Qb7 {[%clk 00:03:54]} {[%emt
00:00:36]} 31. Nf6 {[%clk 00:34:14]} {[%emt 00:00:26]} Re7 {[%clk 00:04:17]}
{[%emt 00:00:07]} 32. Ng4 {[%clk 00:34:06]} {[%emt 00:00:38]} Rh8 {[%clk
00:04:36]} {[%emt 00:00:10]} 33. Qf4 {[%clk 00:34:22]} {[%emt 00:00:16]} Re6
{[%clk 00:04:49]} {[%emt 00:00:16]} 34. h4 {[%clk 00:31:09]} {[%emt 00:03:44]}
g5 {[%clk 00:03:27]} {[%emt 00:01:51]} 35. Qe4 {[%clk 00:28:35]} {[%emt
00:03:04]} gxh4 {[%clk 00:03:15]} {[%emt 00:00:42]} 36. Nf6 {[%clk 00:28:00]}
{[%emt 00:01:05]} hxg3 {[%clk 00:02:34]} {[%emt 00:01:12]} 37. fxg3 {[%clk
00:26:41]} {[%emt 00:01:49]} h5 {[%clk 00:02:23]} {[%emt 00:00:40]} 38. Qf4
{[%clk 00:25:13]} {[%emt 00:01:58]} Bd3 {[%clk 00:01:39]} {[%emt 00:01:13]} 39.
Qg5+ {[%clk 00:24:01]} {[%emt 00:01:43]} Bg6 {[%clk 00:01:57]} {[%emt
00:00:12]} 40. Red1 {[%clk 00:22:39]} {[%emt 00:01:51]} Qe7 {[%clk 00:00:41]}
{[%emt 00:01:47]} 41. Rc4 {[%clk 00:15:59]} {[%emt 00:07:08]} c5 {[%clk
00:30:30]} {[%emt 00:00:42]} 42. Re1 {[%clk 00:43:52]} {[%emt 00:02:37]} cxd4
{[%clk 00:30:11]} {[%emt 00:00:50]} 43. Rxd4 {[%clk 00:34:56]} {[%emt
00:09:25]} Qc5 {[%clk 00:26:39]} {[%emt 00:04:02]} 44. Qe3 {[%clk 00:35:25]}
{[%emt 00:00:02]} b5 {[%clk 00:23:19]} {[%emt 00:03:49]} 45. Nd7 {[%clk
00:34:30]} {[%emt 00:01:26]} Qc6 {[%clk 00:22:53]} {[%emt 00:00:51]} 46. Rc1
{[%clk 00:34:04]} {[%emt 00:01:00]} Qa8 {[%clk 00:20:31]} {[%emt 00:02:51]} 47.
axb5 {[%clk 00:33:45]} {[%emt 00:00:51]} Rhe8 {[%clk 00:19:38]} {[%emt
00:01:22]} 48. b6 {[%clk 00:30:50]} {[%emt 00:03:25]} Qa6 {[%clk 00:16:10]}
{[%emt 00:03:57]} 49. Rc7 {[%clk 00:26:11]} {[%emt 00:05:09]} Rxb6 {[%clk
00:15:37]} {[%emt 00:01:03]} 50. Nxb6 {[%clk 00:25:30]} {[%emt 00:01:11]} Qxb6
{[%clk 00:15:57]} {[%emt 00:00:11]} 51. Rcd7 {[%clk 00:24:10]} {[%emt
00:01:49]} Qxb2 {[%clk 00:15:41]} {[%emt 00:00:46]} 52. Qf4 {[%clk 00:23:07]}
{[%emt 00:01:34]} a4 {[%clk 00:13:12]} {[%emt 00:03:00]} 53. Rxa4 {[%clk
00:02:48]} {[%emt 00:20:48]} Qxe5 {[%clk 00:13:22]} {[%emt 00:00:19]} 54. Qxe5+
{[%clk 00:03:17]} {[%emt 00:00:01]} Rxe5 {[%clk 00:13:50]} {[%emt 00:00:02]}
55. Raa7 {[%clk 00:03:16]} {[%emt 00:00:30]} Re2 {[%clk 00:13:09]} {[%emt
00:01:11]} 56. Rd4 {[%clk 00:03:17]} {[%emt 00:00:30]} Rc2 {[%clk 00:13:10]}
{[%emt 00:00:28]} 57. Ra5 {[%clk 00:03:11]} {[%emt 00:00:37]} Kf6 {[%clk
00:12:13]} {[%emt 00:01:25]} 58. Rf4+ {[%clk 00:02:20]} {[%emt 00:01:23]} Kg7
{[%clk 00:12:25]} {[%emt 00:00:18]} 59. Rf2 {[%clk 00:02:13]} {[%emt 00:00:37]}
Rc1+ {[%clk 00:12:06]} {[%emt 00:00:47]} 60. Rf1 {[%clk 00:01:56]} {[%emt
00:00:48]} Rc2 {[%clk 00:12:11]} {[%emt 00:00:24]} 61. Raa1 {[%clk 00:01:55]}
{[%emt 00:00:32]} Rc3 {[%clk 00:09:43]} {[%emt 00:02:58]} 62. Kf2 {[%clk
00:01:35]} {[%emt 00:00:51]} Rb3 {[%clk 00:09:13]} {[%emt 00:00:58]} 1/2-1/2

[Event "DVM U20 2023"]
[Site "Magdeburg GER"]
[Date "2023.12.28"]
[Round "3"]
[White "Reimer, Philip"]
[Black "Sohr, Jim"]
[Result "1-0"]
[Termination "normal"]
[Board "5.1"]
[WhiteElo "2152"]
[BlackElo "1979"]
[WhiteClock "00:04:55"]
[BlackClock "00:00:45"]
[WhiteTeam "SK Lehrte 1919"]
[BlackTeam "SV Königsjäger Süd-West"]
[PlyCount "59"]
[WhiteFideId "16235860"]
[BlackFideId "16245105"]
[EventCountry "GER"]
[EventRounds "7"]
[EventType "team-swiss"]
[EventDate "2023.12.26"]

1. e4 {[%clk 01:30:57]} {[%emt 00:00:03]} e5 {[%clk 01:30:48]} {[%emt
00:00:13]} 2. Nf3 {[%clk 01:31:21]} {[%emt 00:00:05]} Nc6 {[%clk 01:31:14]}
{[%emt 00:00:05]} 3. Bc4 {[%clk 01:31:47]} {[%emt 00:00:04]} Bc5 {[%clk
01:31:33]} {[%emt 00:00:11]} 4. d3 {[%clk 01:32:11]} {[%emt 00:00:06]} d6
{[%clk 01:29:47]} {[%emt 00:02:16]} 5. Nc3 {[%clk 01:32:32]} {[%emt 00:00:09]}
Nf6 {[%clk 01:29:38]} {[%emt 00:00:39]} 6. Na4 {[%clk 01:32:55]} {[%emt
00:00:07]} Bb6 {[%clk 01:29:26]} {[%emt 00:00:42]} 7. Nxb6 {[%clk 01:33:18]}
{[%emt 00:00:07]} axb6 {[%clk 01:29:52]} {[%emt 00:00:04]} 8. c3 {[%clk
01:33:28]} {[%emt 00:00:20]} h6 {[%clk 01:25:05]} {[%emt 00:05:18]} 9. b4
{[%clk 01:22:54]} {[%emt 00:11:04]} O-O {[%clk 01:22:12]} {[%emt 00:03:22]} 10.
Be3 {[%clk 01:17:29]} {[%emt 00:05:55]} Be6 {[%clk 01:08:08]} {[%emt 00:14:34]}
11. Bxe6 {[%clk 01:16:10]} {[%emt 00:01:49]} fxe6 {[%clk 01:08:33]} {[%emt
00:00:06]} 12. O-O {[%clk 01:13:02]} {[%emt 00:03:36]} Qe8 {[%clk 00:56:38]}
{[%emt 00:12:27]} 13. a4 {[%clk 01:12:56]} {[%emt 00:00:35]} Kh8 {[%clk
00:45:35]} {[%emt 00:11:33]} 14. Ra2 {[%clk 00:56:51]} {[%emt 00:16:35]} b5
{[%clk 00:39:34]} {[%emt 00:06:33]} 15. Qc2 {[%clk 00:39:46]} {[%emt 00:17:34]}
bxa4 {[%clk 00:30:42]} {[%emt 00:09:22]} 16. b5 {[%clk 00:40:08]} {[%emt
00:00:07]} Ne7 {[%clk 00:29:40]} {[%emt 00:01:33]} 17. c4 {[%clk 00:38:07]}
{[%emt 00:02:31]} b6 {[%clk 00:26:30]} {[%emt 00:03:40]} 18. Rfa1 {[%clk
00:37:42]} {[%emt 00:00:54]} Nh5 {[%clk 00:20:05]} {[%emt 00:06:55]} 19. Ne1
{[%clk 00:32:27]} {[%emt 00:05:46]} Nf4 {[%clk 00:14:40]} {[%emt 00:05:54]} 20.
Rxa4 {[%clk 00:32:18]} {[%emt 00:00:40]} Rc8 {[%clk 00:14:46]} {[%emt
00:00:24]} 21. Ra7 {[%clk 00:27:14]} {[%emt 00:05:34]} Nfg6 {[%clk 00:05:25]}
{[%emt 00:09:50]} 22. Rb7 {[%clk 00:22:35]} {[%emt 00:05:10]} Qd8 {[%clk
00:04:04]} {[%emt 00:01:51]} 23. Raa7 {[%clk 00:22:00]} {[%emt 00:01:04]} Ng8
{[%clk 00:01:42]} {[%emt 00:02:53]} 24. Qc1 {[%clk 00:17:26]} {[%emt 00:05:04]}
N6e7 {[%clk 00:02:02]} {[%emt 00:00:08]} 25. Nc2 {[%clk 00:15:48]} {[%emt
00:02:08]} Rf7 {[%clk 00:01:37]} {[%emt 00:00:55]} 26. Nb4 {[%clk 00:15:35]}
{[%emt 00:00:43]} Nf6 {[%clk 00:01:33]} {[%emt 00:00:34]} 27. Na6 {[%clk
00:05:59]} {[%emt 00:10:06]} Ne8 {[%clk 00:01:50]} {[%emt 00:00:13]} 28. Bxb6
{[%clk 00:05:29]} {[%emt 00:01:00]} Ng6 {[%clk 00:00:54]} {[%emt 00:01:27]} 29.
Be3 {[%clk 00:05:18]} {[%emt 00:00:40]} Nf4 {[%clk 00:00:45]} {[%emt 00:00:40]}
30. Bxf4 {[%clk 00:04:55]} {[%emt 00:00:52]} 1-0

[Event "DVM U20 2023"]
[Site "Magdeburg GER"]
[Date "2023.12.28"]
[Round "3"]
[White "Rose, Daniel"]
[Black "Dornieden, Jonas"]
[Result "1-0"]
[Termination "normal"]
[Board "5.2"]
[WhiteElo "1866"]
[BlackElo "2036"]
[WhiteClock "00:30:32"]
[BlackClock "00:00:33"]
[WhiteTeam "SV Königsjäger Süd-West"]
[BlackTeam "SK Lehrte 1919"]
[PlyCount "77"]
[WhiteFideId "16242963"]
[BlackFideId "1336460"]
[EventCountry "GER"]
[EventRounds "7"]
[EventType "team-swiss"]
[EventDate "2023.12.26"]

1. d4 {[%clk 01:30:57]} {[%emt 00:00:03]} d5 {[%clk 01:30:54]} {[%emt
00:00:06]} 2. c4 {[%clk 01:31:23]} {[%emt 00:00:05]} e6 {[%clk 01:31:19]}
{[%emt 00:00:04]} 3. Nc3 {[%clk 01:31:47]} {[%emt 00:00:06]} a6 {[%clk
01:31:40]} {[%emt 00:00:08]} 4. cxd5 {[%clk 01:32:04]} {[%emt 00:00:15]} exd5
{[%clk 01:32:05]} {[%emt 00:00:04]} 5. Nf3 {[%clk 01:32:03]} {[%emt 00:00:31]}
Nf6 {[%clk 01:32:22]} {[%emt 00:00:13]} 6. Bg5 {[%clk 01:32:14]} {[%emt
00:00:19]} Be6 {[%clk 01:32:37]} {[%emt 00:00:15]} 7. e3 {[%clk 01:32:34]}
{[%emt 00:00:11]} Nbd7 {[%clk 01:32:30]} {[%emt 00:00:35]} 8. Bd3 {[%clk
01:30:41]} {[%emt 00:02:24]} c6 {[%clk 01:32:27]} {[%emt 00:00:33]} 9. O-O
{[%clk 01:29:45]} {[%emt 00:01:26]} Bd6 {[%clk 01:32:38]} {[%emt 00:00:19]} 10.
Qc2 {[%clk 01:28:04]} {[%emt 00:02:12]} Qc7 {[%clk 01:31:06]} {[%emt 00:02:02]}
11. h3 {[%clk 01:27:41]} {[%emt 00:00:53]} h6 {[%clk 01:28:45]} {[%emt
00:02:51]} 12. Bxf6 {[%clk 01:27:52]} {[%emt 00:00:20]} Nxf6 {[%clk 01:28:45]}
{[%emt 00:00:29]} 13. Rac1 {[%clk 01:18:51]} {[%emt 00:09:31]} O-O {[%clk
01:26:31]} {[%emt 00:02:43]} 14. a3 {[%clk 01:17:42]} {[%emt 00:01:41]} Qe7
{[%clk 01:20:37]} {[%emt 00:06:23]} 15. Rfe1 {[%clk 01:13:11]} {[%emt
00:05:03]} Rad8 {[%clk 01:17:21]} {[%emt 00:03:44]} 16. b4 {[%clk 01:07:47]}
{[%emt 00:05:54]} Rfe8 {[%clk 01:11:24]} {[%emt 00:06:27]} 17. Na4 {[%clk
00:54:00]} {[%emt 00:14:17]} Bc8 {[%clk 00:57:42]} {[%emt 00:14:11]} 18. Nc5
{[%clk 00:54:07]} {[%emt 00:00:24]} Ne4 {[%clk 00:54:49]} {[%emt 00:03:22]} 19.
Nd2 {[%clk 00:49:25]} {[%emt 00:05:13]} Bxc5 {[%clk 00:35:48]} {[%emt
00:19:31]} 20. bxc5 {[%clk 00:48:38]} {[%emt 00:01:16]} Qh4 {[%clk 00:34:53]}
{[%emt 00:01:26]} 21. Nf3 {[%clk 00:48:08]} {[%emt 00:01:01]} Qh5 {[%clk
00:26:35]} {[%emt 00:08:49]} 22. Ne5 {[%clk 00:47:39]} {[%emt 00:00:58]} Nf6
{[%clk 00:06:12]} {[%emt 00:20:53]} 23. f4 {[%clk 00:44:40]} {[%emt 00:03:31]}
Nd7 {[%clk 00:05:18]} {[%emt 00:01:23]} 24. Rf1 {[%clk 00:38:22]} {[%emt
00:06:47]} Nf8 {[%clk 00:04:03]} {[%emt 00:01:44]} 25. Rf3 {[%clk 00:35:00]}
{[%emt 00:03:53]} f6 {[%clk 00:00:45]} {[%emt 00:03:48]} 26. g4 {[%clk
00:35:29]} {[%emt 00:00:01]} Qh4 {[%clk 00:01:03]} {[%emt 00:00:12]} 27. Bh7+
{[%clk 00:35:38]} {[%emt 00:00:21]} Nxh7 {[%clk 00:01:24]} {[%emt 00:00:09]}
28. Ng6 {[%clk 00:36:05]} {[%emt 00:00:03]} Bxg4 {[%clk 00:00:51]} {[%emt
00:01:03]} 29. Nxh4 {[%clk 00:36:29]} {[%emt 00:00:07]} Bxf3 {[%clk 00:01:13]}
{[%emt 00:00:08]} 30. Nxf3 {[%clk 00:36:54]} {[%emt 00:00:05]} Rxe3 {[%clk
00:01:26]} {[%emt 00:00:16]} 31. Kf2 {[%clk 00:36:53]} {[%emt 00:00:31]} Rde8
{[%clk 00:01:34]} {[%emt 00:00:22]} 32. Rb1 {[%clk 00:31:31]} {[%emt 00:05:52]}
R8e7 {[%clk 00:01:28]} {[%emt 00:00:35]} 33. Rb3 {[%clk 00:30:51]} {[%emt
00:01:11]} R3e4 {[%clk 00:00:57]} {[%emt 00:01:01]} 34. Qb2 {[%clk 00:30:50]}
{[%emt 00:00:31]} Rxf4 {[%clk 00:01:03]} {[%emt 00:00:25]} 35. Rxb7 {[%clk
00:31:05]} {[%emt 00:00:15]} Rxb7 {[%clk 00:01:11]} {[%emt 00:00:21]} 36. Qxb7
{[%clk 00:31:28]} {[%emt 00:00:08]} Ng5 {[%clk 00:01:07]} {[%emt 00:00:33]} 37.
Kg2 {[%clk 00:29:42]} {[%emt 00:02:16]} Rxf3 {[%clk 00:00:39]} {[%emt
00:00:59]} 38. h4 {[%clk 00:30:08]} {[%emt 00:00:04]} Rf4 {[%clk 00:00:33]}
{[%emt 00:00:36]} 39. Qb8+ {[%clk 00:30:32]} {[%emt 00:00:06]} 1-0

[Event "DVM U20 2023"]
[Site "Magdeburg GER"]
[Date "2023.12.28"]
[Round "3"]
[White "Kieselbach, Marvin"]
[Black "Boissel, Kasimir"]
[Result "0-1"]
[Termination "normal"]
[Board "5.3"]
[WhiteElo "1970"]
[BlackElo "1819"]
[WhiteTeam "SK Lehrte 1919"]
[BlackTeam "SV Königsjäger Süd-West"]
[PlyCount "85"]
[WhiteFideId "16235770"]
[BlackFideId "16298209"]
[EventCountry "GER"]
[EventRounds "7"]
[EventType "team-swiss"]
[EventDate "2023.12.26"]

1. e4 {[%emt 00:48:49]} e6 {[%emt 00:01:14]} 2. d4 {[%emt 00:00:06]} d5 {[%emt
00:00:01]} 3. Nd2 {[%emt 00:01:25]} c5 {[%emt 00:00:08]} 4. Ngf3 {[%emt
00:01:32]} cxd4 {[%emt 00:00:20]} 5. exd5 {[%emt 00:00:20]} Qxd5 {[%emt
00:00:09]} 6. Nb3 {[%emt 00:01:29]} Nc6 {[%emt 00:00:55]} 7. Nbxd4 {[%emt
00:00:53]} Nxd4 {[%emt 00:00:54]} 8. Qxd4 {[%emt 00:00:12]} Qxd4 {[%emt
00:01:54]} 9. Nxd4 {[%emt 00:00:03]} Bd7 {[%emt 00:01:18]} 10. Bf4 {[%emt
00:02:41]} a6 {[%emt 00:01:39]} 11. g3 {[%emt 00:01:14]} Bc5 {[%emt 00:02:10]}
12. Nf3 {[%emt 00:16:21]} Bc6 {[%emt 00:00:46]} 13. Bg2 {[%emt 00:00:09]} f6
{[%emt 00:01:32]} 14. O-O {[%emt 00:00:28]} e5 {[%emt 00:00:51]} 15. Rfe1
{[%emt 00:01:14]} Ne7 {[%emt 00:01:05]} 16. Be3 {[%emt 00:01:10]} Bxe3 {[%emt
00:01:03]} 17. Rxe3 {[%emt 00:00:01]} O-O-O {[%emt 00:02:17]} 18. Ree1 {[%emt
00:01:38]} Rd6 {[%emt 00:01:28]} 19. Red1 {[%emt 00:03:42]} Rhd8 {[%emt
00:00:08]} 20. Rxd6 {[%emt 00:00:06]} Rxd6 {[%emt 00:00:04]} 21. Kf1 {[%emt
00:09:16]} e4 {[%emt 00:09:55]} 22. Ng1 {[%emt 00:02:08]} Rd2 {[%emt 00:02:08]}
23. Rc1 {[%emt 00:00:48]} e3 {[%emt 00:04:44]} 24. Bh3+ {[%emt 00:00:24]} Kc7
{[%emt 00:00:10]} 25. fxe3 {[%emt 00:05:59]} Rxh2 {[%emt 00:03:16]} 26. e4
{[%emt 00:18:34]} Bxe4 {[%emt 00:05:00]} 27. Re1 {[%emt 00:00:09]} f5 {[%emt
00:00:37]} 28. Re2 {[%emt 00:00:06]} Rxe2 {[%emt 00:01:51]} 29. Nxe2 {[%emt
00:00:06]} Bxc2 {[%emt 00:00:41]} 30. Nd4 {[%emt 00:00:28]} Bd3+ {[%emt
00:00:17]} 31. Kf2 {[%emt 00:00:07]} Kd6 {[%emt 00:00:58]} 32. Ke3 {[%emt
00:00:06]} Bb1 {[%emt 00:00:56]} 33. a3 {[%emt 00:01:39]} Nd5+ {[%emt
00:04:19]} 34. Kd2 {[%emt 00:00:29]} g6 {[%emt 00:01:01]} 35. Nf3 {[%emt
00:00:23]} h6 {[%emt 00:01:07]} 36. Nh4 {[%emt 00:00:38]} Ne7 {[%emt 00:05:34]}
37. Ng2 {[%emt 00:02:47]} Be4 {[%emt 00:02:04]} 38. Nf4 {[%emt 00:01:12]} Ke5
{[%emt 00:00:36]} 39. Ne2 {[%emt 00:00:19]} Nd5 {[%emt 00:00:43]} 40. b4 {[%emt
00:00:42]} f4 {[%emt 00:00:55]} 41. Bc8 {[%emt 00:00:22]} f3 {[%emt 00:03:11]}
42. Nc1 {[%emt 00:00:08]} Nb6 {[%emt 00:00:33]} 43. Bxb7 {[%emt 00:00:22]} 0-1

[Event "DVM U20 2023"]
[Site "Magdeburg GER"]
[Date "2023.12.28"]
[Round "3"]
[White "Sandlers, Philipp"]
[Black "Kieselbach, Jannik"]
[Result "0-1"]
[Termination "normal"]
[Board "5.4"]
[WhiteElo "1795"]
[BlackElo "1914"]
[WhiteClock "00:39:16"]
[BlackClock "00:12:57"]
[WhiteTeam "SV Königsjäger Süd-West"]
[BlackTeam "SK Lehrte 1919"]
[PlyCount "98"]
[WhiteFideId "34606335"]
[BlackFideId "16246403"]
[EventCountry "GER"]
[EventRounds "7"]
[EventType "team-swiss"]
[EventDate "2023.12.26"]

1. d4 {[%clk 01:30:54]} {[%emt 00:00:05]} Nf6 {[%clk 01:30:23]} {[%emt
00:00:37]} 2. c4 {[%clk 01:31:08]} {[%emt 00:00:17]} e6 {[%clk 01:30:36]}
{[%emt 00:00:16]} 3. Nc3 {[%clk 01:31:30]} {[%emt 00:00:08]} Bb4 {[%clk
01:30:36]} {[%emt 00:00:30]} 4. Bd2 {[%clk 01:31:51]} {[%emt 00:00:09]} O-O
{[%clk 01:30:51]} {[%emt 00:00:15]} 5. Nf3 {[%clk 01:32:12]} {[%emt 00:00:08]}
b6 {[%clk 01:29:51]} {[%emt 00:01:30]} 6. e3 {[%clk 01:32:18]} {[%emt
00:00:25]} Bb7 {[%clk 01:29:40]} {[%emt 00:00:43]} 7. Bd3 {[%clk 01:31:54]}
{[%emt 00:00:53]} Bxc3 {[%clk 01:18:25]} {[%emt 00:11:45]} 8. Bxc3 {[%clk
01:31:31]} {[%emt 00:00:54]} Ne4 {[%clk 01:05:57]} {[%emt 00:12:58]} 9. Qc2
{[%clk 01:29:16]} {[%emt 00:02:44]} f5 {[%clk 01:03:27]} {[%emt 00:03:01]} 10.
O-O {[%clk 01:26:08]} {[%emt 00:03:38]} Rf6 {[%clk 00:49:55]} {[%emt 00:14:02]}
11. Rad1 {[%clk 01:11:33]} {[%emt 00:15:03]} Nxc3 {[%clk 00:16:01]} {[%emt
00:34:26]} 12. Qxc3 {[%clk 01:10:08]} {[%emt 00:01:55]} Bxf3 {[%clk 00:12:45]}
{[%emt 00:03:46]} 13. gxf3 {[%clk 01:10:10]} {[%emt 00:00:28]} Rh6 {[%clk
00:11:44]} {[%emt 00:01:31]} 14. Rfe1 {[%clk 01:01:19]} {[%emt 00:09:20]} Qg5+
{[%clk 00:10:23]} {[%emt 00:01:51]} 15. Kf1 {[%clk 01:00:55]} {[%emt 00:00:55]}
Rh5 {[%emt 00:00:21]} 16. h3 Rxh3 {[%clk 00:10:32]} 17. Ke2 {[%clk 01:00:34]}
{[%emt 00:00:50]} Rh2 {[%clk 00:10:15]} 18. Rf1 {[%clk 00:57:54]} {[%emt
00:03:58]} Qg2 {[%clk 00:08:44]} 19. f4 {[%clk 00:57:04]} {[%emt 00:03:20]} Rh3
{[%clk 00:07:52]} 20. Ke1 {[%clk 00:56:27]} {[%emt 00:02:28]} Qf3 {[%clk
00:07:14]} 21. d5 {[%clk 00:54:55]} {[%emt 00:03:11]} Rh1 {[%clk 00:05:35]} 22.
dxe6 {[%clk 00:51:32]} {[%emt 00:06:03]} Na6 {[%clk 00:05:12]} 23. Qd4 dxe6 24.
Qe5 {[%clk 00:50:45]} Nc5 {[%clk 00:04:19]} {[%emt 00:01:25]} 25. Rxh1 {[%clk
00:43:23]} {[%emt 00:07:52]} Qxh1+ {[%clk 00:04:17]} {[%emt 00:00:31]} 26. Bf1
{[%clk 00:43:37]} {[%emt 00:00:15]} Qc6 {[%clk 00:03:02]} {[%emt 00:01:45]} 27.
b4 {[%clk 00:42:38]} {[%emt 00:01:28]} Nd7 {[%clk 00:03:21]} {[%emt 00:00:12]}
28. Qd4 {[%clk 00:42:15]} {[%emt 00:00:52]} Nf6 {[%clk 00:03:11]} {[%emt
00:00:41]} 29. b5 {[%clk 00:40:10]} {[%emt 00:02:34]} Qe8 {[%clk 00:02:06]}
{[%emt 00:01:35]} 30. Bg2 {[%clk 00:40:03]} {[%emt 00:00:37]} Rb8 {[%clk
00:02:16]} {[%emt 00:00:20]} 31. a4 {[%clk 00:34:43]} {[%emt 00:05:50]} Qe7
{[%clk 00:02:34]} {[%emt 00:00:13]} 32. Ke2 {[%clk 00:33:42]} {[%emt 00:01:30]}
Kf7 {[%clk 00:02:04]} {[%emt 00:01:01]} 33. Bc6 {[%clk 00:31:55]} {[%emt
00:02:17]} h5 {[%clk 00:01:30]} {[%emt 00:01:05]} 34. a5 {[%clk 00:30:53]}
{[%emt 00:01:31]} g6 {[%clk 00:00:40]} {[%emt 00:01:21]} 35. axb6 {[%clk
00:25:48]} {[%emt 00:05:34]} cxb6 {[%clk 00:01:05]} {[%emt 00:00:05]} 36. Qd6
{[%clk 00:24:12]} {[%emt 00:02:06]} Qxd6 {[%clk 00:01:14]} {[%emt 00:00:22]}
37. Rxd6 {[%clk 00:24:38]} {[%emt 00:00:02]} Ke7 {[%clk 00:01:20]} {[%emt
00:00:25]} 38. Rd1 {[%clk 00:24:47]} {[%emt 00:00:21]} Rc8 {[%clk 00:01:24]}
{[%emt 00:00:26]} 39. Kf3 {[%clk 00:24:10]} {[%emt 00:01:07]} Rc7 {[%clk
00:00:53]} {[%emt 00:01:01]} 40. Rg1 {[%clk 00:23:27]} {[%emt 00:01:13]} Kf7
{[%clk 00:01:18]} {[%emt 00:00:06]} 41. Rd1 {[%clk 00:23:42]} {[%emt 00:00:14]}
Ke7 {[%clk 00:01:33]} {[%emt 00:00:15]} 42. Kg3 {[%clk 00:23:11]} {[%emt
00:01:00]} Nd7 {[%clk 00:01:08]} {[%emt 00:00:56]} 43. Rd4 {[%clk 00:11:42]}
{[%emt 00:11:57]} Nc5 {[%clk 00:25:10]} {[%emt 00:06:29]} 44. Kh4 {[%clk
00:40:17]} {[%emt 00:01:56]} Nb3 {[%clk 00:19:14]} {[%emt 00:06:27]} 45. Rd1
{[%clk 00:39:38]} {[%emt 00:01:07]} Na5 {[%clk 00:18:49]} {[%emt 00:00:54]} 46.
Kg5 {[%clk 00:39:01]} {[%emt 00:01:08]} Nxc6 {[%clk 00:17:30]} {[%emt
00:01:49]} 47. bxc6 {[%clk 00:39:23]} {[%emt 00:00:08]} Rxc6 {[%clk 00:16:27]}
{[%emt 00:01:32]} 48. Rd4 {[%clk 00:39:14]} {[%emt 00:00:40]} a5 {[%clk
00:15:36]} {[%emt 00:01:20]} 49. e4 {[%clk 00:39:16]} {[%emt 00:00:29]} Rd6
{[%clk 00:12:57]} {[%emt 00:03:10]} 0-1